[Event "GRE-chT"]
[Site "Thessaloniki"]
[Date "1996.??.??"]
[Round "2"]
[White "Michos, Thomas"]
[Black "Tsomis, Dimitrios"]
[Result "1/2-1/2"]
[WhiteElo "2200"]
[BlackElo "2215"]

1.e4 c5 2.Nf3 d6 3.Bb5+ Nd7 4.c3 a6 5.Ba4 b5 6.Bc2 e5 7.O-O Ngf6 8.Re1 Bb7
9.d4 Be7 10.Nbd2 O-O 11.Nf1 Re8 12.dxe5 dxe5 13.Ng3 Qc7 14.a4 c4 15.axb5 axb5
16.Rxa8 Rxa8 17.Nf5 Bf8 18.Bg5 h6 19.Bh4 g6 20.Ne3 Bg7 21.Bg3 Re8 22.h3 Nh5
23.Nd5 Qc5 24.Kh2 Nxg3 25.fxg3 Bxd5 26.exd5 Rd8 27.Nh4 Nf8 28.Be4 f5 29.Bxf5 gxf5
30.Nxf5 Kh7 31.Nxg7 Kxg7 32.Qg4+ Ng6 33.h4 h5 34.Qxh5 Qxd5 35.Qg5 e4 36.Qg4 Re8
37.h5 Qe6 38.Qxg6+ Qxg6 39.hxg6 Kxg6 40.g4 Kf6 41.Kg3 Ke5 42.Rf1 Kd5 43.Rf5+ Kc6
44.Kf2 Rd8 45.g5 Rd2+ 46.Kg3 e3 47.g6 e2 48.Kf2 e1=Q+ 49.Kxe1 Rxg2 50.Rf6+ Kd5
51.Kd1 Ke5 52.Rb6 Rxb2 53.g7 Rg2 54.Rxb5+ Ke4 55.Rb8 Rxg7 56.Rd8 Ke3 57.Rd4 Rg2
58.Kc1 Rh2 59.Kb1 Rd2 60.Rxc4 Kd3  1/2-1/2

[Event "CRO-chT"]
[Site "Tucepi"]
[Date "1996.??.??"]
[Round "?"]
[White "Ljubicic, Filip"]
[Black "Radocaj, Denis"]
[Result "1/2-1/2"]
[WhiteElo "2360"]
[BlackElo "2330"]

1.e4 c5 2.Nf3 d6 3.Bb5+ Bd7 4.a4 Nf6 5.Nc3 a6 6.Bxd7+ Nbxd7 7.O-O g6 8.d3 Bg7
9.Nd2 O-O 10.f4 e6 11.Qf3 Rb8 12.a5 Qc7 13.Nc4 Rbd8 14.f5 d5 15.exd5 Nxd5
16.Nxd5 exd5 17.Qxd5 Ne5 18.Qe4 Nxc4 19.dxc4 Rd4 20.Qe2 Be5 21.h3 Re8 22.Kh1 Qc6
23.fxg6 hxg6 24.Ra3 Re4 25.Qf2 f5 26.Rf3 Rxc4 27.c3 Re4 28.Bf4 Bxf4 29.Rxf4 Qd6
30.Rxe4 Rxe4 31.Qc2 Qe6 32.Qd2 Re2 33.Qd8+ Kf7 34.Qc7+ Qe7 35.Qc8 Qe4 36.Qc7+ Kg8
37.Qd8+ Kh7 38.Qc7+ Kh6 39.Qg3 Rxb2 40.Rd1 Rb1 41.Rxb1 Qxb1+ 42.Kh2 Qe4 43.Qd6 c4
44.Qf6 Qf4+ 45.Kh1 Qc7 46.Qh8+ Kg5 47.h4+ Kg4 48.Qh6 Qf4 49.Qxg6+ Kxh4 50.g3+ Qxg3
51.Qh5+  1/2-1/2

[Event "CRO-chT"]
[Site "Tucepi"]
[Date "1996.??.??"]
[Round "?"]
[White "Lakos, Nikoletta"]
[Black "Roschina, Tatiana"]
[Result "0-1"]
[WhiteElo "2225"]
[BlackElo "2315"]

1.e4 c5 2.Nf3 d6 3.Bb5+ Nc6 4.O-O Bd7 5.c3 Nf6 6.Re1 a6 7.Bxc6 Bxc6 8.d4 Bxe4
9.Bg5 Bc6 10.Bxf6 gxf6 11.d5 Bd7 12.Nh4 Qc7 13.Qh5 h6 14.Nd2 Rg8 15.Ne4 O-O-O
16.Qxf7 Rg7 17.Qh5 Bg4 18.Qxh6 Rg5 19.Qh7 Rh5 20.Qg6 Qd7 21.f3 Rxh4 22.fxg4 Rxg4
23.Qh5 Rf4 24.Ng3 c4 25.a4 f5 26.Qg5 Rg4 27.Qxf5 Qxf5 28.Nxf5 Kd7 29.h3 Rg6
30.Nd4 Bg7 31.Ne6 Rc8 32.Re4 Be5 33.Rf1 Rg3 34.Rf8 b5 35.axb5 axb5 36.Rxc8 Kxc8
37.Kf2 Rd3 38.Ke2 Rxd5 39.g4 Rd3 40.Re3 Rxe3+ 41.Kxe3 Kd7 42.Nf4 Bf6 43.Ne2 e5
44.Kf3 d5 45.Ng3 Bg5 46.Ne2 Bh4 47.Ng3 Ke6 48.Nf1 Bg5 49.Ne3 d4 50.Nd1 Kd5
51.Nf2 Bc1 52.cxd4 exd4 53.Nd1 b4 54.h4 b3 55.g5 Bxb2 56.g6 Ke6  0-1

[Event "CRO-chT2"]
[Site "Tucepi"]
[Date "1996.??.??"]
[Round "?"]
[White "Ionescu Brandis, Irina"]
[Black "Sasu Ducsoara, Andrea"]
[Result "1-0"]
[WhiteElo "2250"]
[BlackElo "2140"]

1.e4 c5 2.Nf3 d6 3.Bb5+ Bd7 4.Bxd7+ Qxd7 5.c4 Nc6 6.Nc3 g6 7.d4 cxd4 8.Nxd4 Bg7
9.Nde2 Nf6 10.O-O O-O 11.f3 e6 12.Bg5 h6 13.Be3 Rad8 14.Qc1 Kh7 15.Rd1 Qe7
16.Rb1 Rfe8 17.b4 b6 18.Bf2 Rc8 19.Nb5 Red8 20.Ned4 Ne5 21.Na3 d5 22.exd5 exd5
23.Re1 Qc7 24.Nab5 Nd3 25.Nxc7 Nxc1 26.Rexc1 Rxc7 27.c5 bxc5 28.bxc5 a6 29.c6 Nh5
30.Rb7  1-0

[Event "Tuebingen-ch55"]
[Site "Tuebingen"]
[Date "1996.??.??"]
[Round "?"]
[White "Zeller, Frank"]
[Black "Werner, Marc"]
[Result "1/2-1/2"]
[WhiteElo "2335"]
[BlackElo "2285"]

1.e4 c5 2.Nf3 d6 3.Bb5+ Bd7 4.Bxd7+ Qxd7 5.c4 Nc6 6.Nc3 g6 7.d4 cxd4 8.Nxd4 Bg7
9.Nde2 Nf6 10.O-O O-O 11.f3 Rfc8 12.b3 a6 13.a4 b6 14.Bg5 h6 15.Be3 Qb7 16.Rc1 Re8
17.Nd5 Nd7 18.Qd2 Kh7 19.Nec3 Red8 20.Rfd1 Nc5 21.Rb1 e6 22.Nf4 Rac8 23.Nfe2 Nb4
24.Na2 Nc6 25.Nac3 Nb4 26.Na2 Nc6 27.Nac3  1/2-1/2

[Event "CZE-ch"]
[Site "Turnov"]
[Date "1996.??.??"]
[Round "2"]
[White "Oral, Tomas"]
[Black "Vokac, Marek"]
[Result "0-1"]
[WhiteElo "2460"]
[BlackElo "2455"]

1.e4 c5 2.Nf3 d6 3.Bb5+ Nd7 4.O-O Nf6 5.Re1 e5 6.c3 Be7 7.d4 Qc7 8.dxe5 dxe5
9.Nh4 a6 10.Bf1 g6 11.Qf3 Nh5 12.Nf5 gxf5 13.Qxh5 Nf6 14.Qd1 fxe4 15.Bg5 Bf5
16.Bc4 Rd8 17.Qb3 O-O 18.Bxf6 Bxf6 19.Bd5 b5 20.c4 bxc4 21.Qxc4 Bg7 22.Nc3 Kh8
23.Qxa6 Bg6 24.a4 Rb8 25.a5 Rxb2 26.Qc6 Qa7 27.a6 c4 28.Rf1 e3 29.fxe3 e4
30.Qxc4 Rc2 31.Ra3 Qe7 32.Re1 Qh4 33.Qf1 Be5  0-1

[Event "UKR-ch (Women)"]
[Site "UKR"]
[Date "1996.??.??"]
[Round "2"]
[White "Melamed, Tatiana"]
[Black "Gaponenko, Inna"]
[Result "1/2-1/2"]
[WhiteElo "2320"]
[BlackElo "2390"]

1.e4 c5 2.Nf3 d6 3.Bb5+ Nd7 4.d4 Nf6 5.O-O cxd4 6.Qxd4 g6 7.e5 dxe5 8.Nxe5 Bg7
9.Rd1 O-O 10.Nc3 Qc7 11.Bf4 Nh5 12.Nxg6 Qd8 13.Be5 fxg6 14.Bxg7 Nxg7 15.Bxd7 Bxd7
16.Qxd7 Qb6 17.Qd5+ Kh8 18.Qd4 Qxb2 19.Rab1 Qxc2 20.Rd2 Qf5 21.Rxb7 Qf7 22.f3 a5
23.Ne4 Rac8 24.Qb2 Rfd8 25.Ng5 Qf5 26.Ne4 Rxd2 27.Qxd2 Qe5 28.Rd7 Nf5 29.Rd8+  1/2-1/2

[Event "UKR-ch (Women)"]
[Site "UKR"]
[Date "1996.??.??"]
[Round "5"]
[White "Klinova, Masha"]
[Black "Gaponenko, Inna"]
[Result "0-1"]
[WhiteElo "2270"]
[BlackElo "2390"]

1.e4 c5 2.Nf3 d6 3.Bb5+ Nd7 4.O-O Nf6 5.Re1 a6 6.Bf1 b6 7.d4 cxd4 8.Nxd4 Bb7
9.c4 e6 10.Nc3 Be7 11.f4 Qc7 12.f5 e5 13.Nb3 g6 14.fxg6 hxg6 15.Qf3 Kf8 16.Bd3 Kg7
17.Rf1 Raf8 18.Be3 Nc5 19.Nxc5 dxc5 20.Rf2 Ne8 21.Nd5 Bxd5 22.cxd5 Nd6 23.Rc1 a5
24.b3 Rh7 25.Bd2 f6 26.g3 Qd7 27.a3 Rc8 28.Be3 Rhh8 29.Rfc2 f5 30.Rf1 Rcf8
31.exf5 gxf5 32.Qg2 Rf6 33.Bc1 Rg6 34.Bb2 Bf6 35.Rcf2 Rh5 36.Bc2 e4 37.Bd1 Rh7
38.Rf4 Qe7 39.a4 Kg8 40.Qc2 Bg5 41.Rxf5 Nxf5 42.Rxf5 Be3+ 43.Kh1 Rxg3  0-1

[Event "UKR-ch (Women)"]
[Site "UKR"]
[Date "1996.??.??"]
[Round "8"]
[White "Melamed, Tatiana"]
[Black "Litinskaya, Marta I"]
[Result "1/2-1/2"]
[WhiteElo "2320"]
[BlackElo "2355"]

1.e4 c5 2.Nf3 d6 3.Bb5+ Bd7 4.Bxd7+ Qxd7 5.c4 Nf6 6.Nc3 Nc6 7.d4 cxd4 8.Nxd4 e6
9.O-O Be7 10.Be3 O-O 11.Qe2 b6 12.Rfd1 Rfd8 13.Rac1 Qb7 14.f3 Rac8 15.b3  1/2-1/2

[Event "Vantaa We op2"]
[Site "Vantaa"]
[Date "1996.??.??"]
[Round "4"]
[White "Hartikainen, Markku"]
[Black "Veingold, Aleksandr"]
[Result "0-1"]
[WhiteElo "2290"]
[BlackElo "2425"]

1.e4 c5 2.Nf3 d6 3.Bb5+ Nc6 4.O-O Bd7 5.Re1 Nf6 6.c3 a6 7.Bxc6 Bxc6 8.d4 Bxe4
9.Bg5 Bd5 10.Nbd2 e6 11.c4 Bxf3 12.Qxf3 cxd4 13.Qxb7 Qc8 14.Qf3 Be7 15.Nb3 h6
16.Bh4 O-O 17.Nxd4 Qxc4 18.Nc6 Qxh4 19.Nxe7+ Kh7 20.Qd3+ Kh8 21.Qxd6 Rfd8
22.Qg3 Qxg3 23.hxg3 Rd2 24.b4 Ra7 25.Nc6 Rc7 26.Ne5 Rcc2 27.Rf1 Ne4 28.Nxf7+ Kg8
29.Ne5 Nxg3  0-1

[Event "Velden op"]
[Site "Velden"]
[Date "1996.??.??"]
[Round "7"]
[White "Golubovic, Boris"]
[Black "Loginov, Valery A"]
[Result "1/2-1/2"]
[WhiteElo "2420"]
[BlackElo "2525"]

1.e4 c5 2.Nf3 d6 3.Bb5+ Bd7 4.Bxd7+ Qxd7 5.c4 Nc6 6.Nc3 g6 7.d4 cxd4 8.Nxd4 Bg7
9.Be3 Nf6 10.f3 O-O 11.O-O Rfc8 12.b3 a6 13.a4 Qd8 14.Qd2 Nd7 15.Rab1 Qa5
16.Rfd1 Nxd4 17.Bxd4 Bxd4+ 18.Qxd4 Qc5  1/2-1/2

[Event "Vienna op"]
[Site "Vienna"]
[Date "1996.??.??"]
[Round "2"]
[White "Barle, Janez"]
[Black "Van der Vorm, Teun"]
[Result "1-0"]
[WhiteElo "2445"]
[BlackElo "2405"]

1.e4 c5 2.Nf3 d6 3.Bb5+ Nd7 4.d4 Nf6 5.O-O Nxe4 6.Qe2 Nf6 7.dxc5 dxc5 8.Rd1 a6
9.Bc4 e6 10.Ng5 Qb6 11.Bxe6 fxe6 12.Nxe6 Be7 13.Re1 Ng8 14.Bf4 Ra7 15.Nc7+ Kf8
16.Nd5 Qd8 17.Nxe7 Nxe7 18.Bd6 Ne5 19.Qxe5 b6 20.Nc3 Rd7 21.Rad1  1-0

[Event "Carl Schlechter mem"]
[Site "Vienna"]
[Date "1996.??.??"]
[Round "2"]
[White "Kuthan, Andreas"]
[Black "Wittmann, Walter"]
[Result "0-1"]
[WhiteElo "2225"]
[BlackElo "2370"]

1.e4 c5 2.Nf3 d6 3.Bb5+ Nd7 4.d4 Nf6 5.Nc3 a6 6.Bxd7+ Nxd7 7.dxc5 Nxc5 8.Be3 Bg4
9.O-O e6 10.h3 Bh5 11.g4 Bg6 12.Bxc5 dxc5 13.Qxd8+ Rxd8 14.Ne5 Bd6 15.Nxg6 hxg6
16.Kg2 Be5 17.Rad1 Bxc3 18.bxc3 Ke7 19.Rd3 Rxd3 20.cxd3 Rd8 21.Rd1 Rd6 22.Kf3 Rb6
23.Rd2 Rb1 24.Rc2 Kd6 25.d4 c4 26.Ke2 Kc6 27.Kd2 Rh1 28.Rb2 b5 29.a4 Rxh3
30.axb5+ axb5 31.Rc2 f5 32.gxf5 gxf5 33.exf5 exf5 34.Rc1 g5 35.Re1 Rd3+ 36.Kc2 Rf3
37.Re2 g4 38.Re6+ Kd7 39.Re2 f4 40.Kd2 Kd6 41.Kc2 g3 42.fxg3 fxg3  0-1

[Event "Carl Schlechter mem"]
[Site "Vienna"]
[Date "1996.??.??"]
[Round "3"]
[White "Palos, Osman"]
[Black "Schumi, Manfred"]
[Result "1-0"]
[WhiteElo "2335"]
[BlackElo "2245"]

1.e4 c5 2.Nf3 d6 3.Bb5+ Nd7 4.d4 Nf6 5.Nc3 a6 6.Bxd7+ Nxd7 7.O-O cxd4 8.Qxd4 e6
9.Bg5 Qc7 10.Rfe1 Ne5 11.Rad1 f6 12.Bh4 Bd7 13.Bg3 Rc8 14.Nd2 Be7 15.f4 Nc4
16.Nxc4 Qxc4 17.Qd2 Bc6 18.f5 e5 19.Bf2 b5 20.a3 Bb7 21.Qe3 O-O 22.Rd3 b4
23.b3 Qc5 24.Qf3 Qa5 25.axb4 Qxb4 26.Re2 Rc7 27.Na4 Bc6 28.Nb6 Rb8 29.Nd5 Bxd5
30.Rxd5 Rbc8 31.c4 Rb7 32.Rd3 Bd8 33.h3 Bb6 34.Red2 Rc6 35.Qh5 Rb8 36.Kh2 Bxf2
37.Rxf2 a5 38.Rd5  1-0

[Event "Vienna op-C"]
[Site "Vienna"]
[Date "1996.??.??"]
[Round "4"]
[White "Kuba, Guenter"]
[Black "Hitzgerova, Gabriela"]
[Result "1-0"]
[WhiteElo "2200"]
[BlackElo "2130"]

1.e4 c5 2.Nf3 d6 3.Bb5+ Bd7 4.Bxd7+ Qxd7 5.O-O Nc6 6.c3 Nf6 7.Qe2 g6 8.Rd1 Bg7
9.d4 cxd4 10.cxd4 O-O 11.d5 Nb4 12.Nc3 a5 13.Be3 Ng4 14.Bd4 Ne5 15.Nxe5 dxe5
16.Be3 f5 17.f3 Rf6 18.Rac1 Bf8 19.a3 Na6 20.Qb5 Qd8 21.Na4 f4 22.Bf2 g5
23.Nb6 Rb8 24.Nd7 Rg6 25.Nxe5 Rd6 26.Nc4 Rg6 27.d6 exd6 28.Qd5+ Kg7 29.Ne5 Rf6
30.Ng4 Rf7 31.Bd4+ Kg8 32.Nf6+  1-0

[Event "Vienna op-C"]
[Site "Vienna"]
[Date "1996.??.??"]
[Round "6"]
[White "Dueckstein, Andreas"]
[Black "Lapienis, Donatas"]
[Result "1/2-1/2"]
[WhiteElo "2305"]
[BlackElo "2350"]

1.e4 c5 2.Nf3 d6 3.Bb5+ Nc6 4.O-O Bg4 5.h3 Bh5 6.Bxc6+ bxc6 7.c3 Nf6 8.Re1 e5
9.d4 cxd4 10.cxd4 Nd7 11.g4 Bg6 12.Qc2 Rc8 13.dxe5 Nxe5 14.Qc3 Nxf3+ 15.Qxf3 Be7
16.Be3 O-O 17.Nc3 Bf6 18.Rad1 Qe7 19.Bf4 Be5 20.Qe3 f6 21.Bg3 Rfe8 22.Kg2 Rcd8
23.Bxe5 fxe5 24.Rd2 Rd7 25.f3 Bf7 26.Red1 Red8  1/2-1/2

[Event "Siembra Villa Ballester op"]
[Site "Villa Ballester"]
[Date "1996.??.??"]
[Round "2"]
[White "Montes de Oca, Juan"]
[Black "Hoffman, Alejandro"]
[Result "1/2-1/2"]
[WhiteElo "2125"]
[BlackElo "2410"]

1.e4 c5 2.Nf3 d6 3.Bb5+ Bd7 4.Bxd7+ Nxd7 5.O-O Ngf6 6.Qe2 e6 7.c3 Be7 8.d4 O-O
9.Nbd2 Qc7 10.a4 Rac8 11.Re1 Rfe8 12.h3 Bf8 13.Nf1 a6 14.Ng3 cxd4 15.cxd4 Qc2
16.Bd2 Nb8 17.Rec1 Qb3 18.Bc3 d5 19.e5 Nfd7 20.Nd2 Qb6 21.f4 Nc6 22.Nf3 g6
23.Qf2 Na5 24.Nd2 Nb8 25.Ne2 Nbc6 26.g4 Nb4 27.Rf1 Rc7 28.Kh1 Nac6 29.f5 a5
30.fxe6 fxe6 31.Nf3 Qa6 32.Ng5 Bh6 33.Nf7 Bg7 34.Nd6 Rf8 35.Qg2 Nc2 36.Rxf8+ Bxf8
37.Rc1 N6b4 38.Ne8 Rc8 39.Nf6+ Kh8 40.Nf4 Be7 41.Qd2 Kg7 42.Kg2 Qc6 43.Rxc2 Nxc2
44.Qxc2 Bxf6 45.exf6+ Kxf6 46.Nd3 Kg7 47.Qe2 b6 48.Qe5+ Kg8 49.Nf4 Re8 50.Kg3  1/2-1/2

[Event "Siembra Villa Ballester op"]
[Site "Villa Ballester"]
[Date "1996.??.??"]
[Round "9"]
[White "Montes de Oca, Juan"]
[Black "Bielicki, Carlos"]
[Result "1/2-1/2"]
[WhiteElo "2125"]
[BlackElo "2325"]

1.e4 c5 2.Nf3 d6 3.Bb5+ Bd7 4.Bxd7+ Qxd7 5.O-O Nc6 6.d4 cxd4 7.Nxd4 Nf6 8.Nc3 e6
9.f4 Be7 10.Be3 O-O 11.Kh1 a6 12.Qf3 Nxd4 13.Bxd4 b5 14.Rad1 Qb7 15.e5 Qxf3
16.Rxf3 dxe5 17.fxe5 Nd7 18.Ne4 Rac8 19.Rd2 Rc6 20.h3 h6 21.c3 Bd8 22.Re2 Bc7
23.Nf2 Bb6 24.Rd3 Bc7 25.Rf3 Nc5 26.Nd3 Nxd3 27.Rxd3 Rd8 28.Rf3 Rd7 29.Rf4 Bd8
30.Rfe4 Be7 31.Bf2 Rd1+ 32.Re1 Rxe1+ 33.Bxe1 Kf8 34.Kg1 Bd8 35.Kf1 Bc7 36.Bf2  1/2-1/2

[Event "Villa Gesell"]
[Site "Villa Gesell"]
[Date "1996.??.??"]
[Round "10"]
[White "Tempone, Marcelo"]
[Black "Zarnicki, Pablo"]
[Result "0-1"]
[WhiteElo "2460"]
[BlackElo "2545"]

1.e4 c5 2.Nf3 d6 3.Bb5+ Nd7 4.d4 Nf6 5.Nc3 cxd4 6.Qxd4 e5 7.Qd3 h6 8.Bc4 Be7
9.O-O O-O 10.a4 Qc7 11.h3 Nc5 12.Qe2 Be6 13.Bxe6 fxe6 14.Bd2 a6 15.Nh2 d5
16.exd5 exd5 17.Ng4 Nce4 18.Rfe1 Bc5 19.Nxf6+ Nxf6 20.Qxe5 Bxf2+ 21.Kh1 Qf7
22.Red1 Rae8 23.Qf5 Ne4 24.Qxf7+ Rxf7 25.Be1 Ng3+ 26.Kh2 Nf1+ 27.Kh1 Ng3+
28.Kh2 Nf1+ 29.Kh1 Ne3 30.Rd2 Nxc2 31.Rxc2 Bxe1 32.Rd1 Rf1+ 33.Kh2 Re3 34.g4 Rff3
35.Nxd5 Rxh3+ 36.Kg1 Reg3+ 37.Rg2 Ba5 38.b4 Bd8 39.Re1 Bg5 40.Ne7+ Kh7 41.Nf5 Rb3
42.Re4 Rb1+ 43.Kf2 g6 44.Nd6 Bh4+ 45.Ke2 Rb2+  0-1

[Event "LTU-ch"]
[Site "Vilnius"]
[Date "1996.??.??"]
[Round "1"]
[White "Tokarevas, Tomas"]
[Black "Piesina, Gintautas"]
[Result "0-1"]
[WhiteElo "2195"]
[BlackElo "2400"]

1.e4 c5 2.Nf3 d6 3.Bb5+ Nc6 4.O-O Bg4 5.c3 a6 6.Bxc6+ bxc6 7.d4 cxd4 8.cxd4 Nf6
9.Nc3 e6 10.h3 Bh5 11.Qd3 Be7 12.Nh2 d5 13.e5 Bg6 14.Qe2 Nd7 15.f4 c5 16.Be3 cxd4
17.Bxd4 Bc5 18.Nf3 Qb6 19.Rad1 O-O 20.Kh1 Rfc8 21.g4 Bxd4 22.Nxd4 Rc4 23.Qf2 Be4+
24.Kh2 Rac8 25.Rd2 f5 26.gxf5 exf5 27.Rg1 g6 28.Rgd1 Nf8 29.Qh4 Rxd4 30.Rxd4 Qxb2+
31.R1d2 Qxc3 32.Qg3 Qa1 33.Rxe4 fxe4 34.Qb3 Qc3 35.Qxd5+ Kh8 36.Rg2 Qc6 37.Qf7 Qe6
38.Qb7 Qf5 39.Rg4 Rc2+ 40.Kg3  0-1

[Event "LTU-ch"]
[Site "Vilnius"]
[Date "1996.??.??"]
[Round "8"]
[White "Tokarevas, Tomas"]
[Black "Linauskas, Dainius"]
[Result "1-0"]
[WhiteElo "2195"]
[BlackElo "2310"]

1.e4 c5 2.Nf3 d6 3.Bb5+ Bd7 4.Bxd7+ Qxd7 5.O-O Nc6 6.c4 g6 7.d4 cxd4 8.Nxd4 Bg7
9.Be3 Nf6 10.Nc3 Ng4 11.Nc2 Nxe3 12.Nxe3 Bxc3 13.bxc3 O-O 14.f4 Rac8 15.Rf3 Qe6
16.Qd3 f6 17.Rb1 Na5 18.f5 Qf7 19.fxg6 hxg6 20.Rg3 Rc5 21.Nf5 Qe8 22.Rxg6+ Kf7
23.Rg7+ Ke6 24.Rb5 Rxb5 25.cxb5 Qd8 26.Qd5+ Kd7 27.Qxd6+  1-0

[Event "JUG-chT"]
[Site "Vrnjacka Banja"]
[Date "1996.??.??"]
[Round "?"]
[White "Mirkovic, Slobodan"]
[Black "Sakaev, Konstantin"]
[Result "1-0"]
[WhiteElo "2360"]
[BlackElo "2560"]

1.e4 c5 2.Nf3 d6 3.Bb5+ Bd7 4.Bxd7+ Qxd7 5.O-O Nc6 6.c3 Nf6 7.Re1 e6 8.d4 cxd4
9.cxd4 d5 10.e5 Ne4 11.Nbd2 Nxd2 12.Bxd2 Be7 13.Bg5 Bb4 14.Re2 h6 15.Be3 O-O
16.h3 Rac8 17.Nh2 Ne7 18.Rc1 Nf5 19.Rec2 Qa4 20.b3 Qd7 21.Nf3 Nxe3 22.fxe3 Ba3
23.Rxc8 Rxc8 24.Rxc8+ Qxc8 25.Qd2 b6 26.Kf2 Be7 27.Ke2 f6 28.exf6 gxf6 29.Qd3 Kg7
30.Kd1 Qc7 31.Ke2 a5 32.a4 Bb4 33.Kd1 Qg3 34.Qc2 h5 35.Qe2 Kh6 36.Kc2 Qg6+
37.Kb2 Qg3 38.Kc2 Kg7 39.Kd1 Kf8 40.Qc2 Kg7 41.Kc1 Bd6 42.Kd1 Ba3 43.Qa2 Bf8
44.Qc2 Bd6 45.Kc1 e5 46.dxe5 fxe5 47.Qd2 e4 48.Nd4 Kf6 49.Nc2 Qe5 50.Qf2+ Kg6
51.Nd4 Bc5 52.Nc2 Bd6 53.Nd4 Bc5 54.Nc2 Be7 55.Nd4 h4 56.Kd1 Bf6 57.Qe2 Qg3
58.Ne6 Be5 59.Qd2 Kf6 60.Nd4 Kg6 61.Ne2 Qg5 62.Qxd5 Qf5 63.Qc6+ Qf6  1-0

[Event "JUG-chT"]
[Site "Vrnjacka Banja"]
[Date "1996.??.??"]
[Round "?"]
[White "Dimitrov, Vladimir"]
[Black "Sakaev, Konstantin"]
[Result "1/2-1/2"]
[WhiteElo "2495"]
[BlackElo "2560"]

1.e4 c5 2.Nf3 d6 3.Bb5+ Bd7 4.Bxd7+ Qxd7 5.O-O Nc6 6.Re1 Nf6 7.b3 g6 8.c3 Bg7
9.d4 cxd4 10.cxd4 O-O  1/2-1/2

[Event "JUG-chT"]
[Site "Vrnjacka Banja"]
[Date "1996.??.??"]
[Round "?"]
[White "Djosic, Slavoljub"]
[Black "Zakic, Srdjan"]
[Result "0-1"]
[WhiteElo "2250"]
[BlackElo "2365"]

1.e4 c5 2.Nf3 d6 3.Bb5+ Bd7 4.Bxd7+ Nxd7 5.d4 cxd4 6.Nxd4 Ngf6 7.Nc3 g6 8.O-O Bg7
9.Be3 Ne5 10.h3 O-O 11.Qe2 Rc8 12.Rad1 Nc4 13.Bc1 Qa5 14.Nb3 Qc7 15.Nd2 a6
16.Nxc4 Qxc4 17.Rfe1 b5 18.a3 Rfe8 19.Qxc4 Rxc4 20.Re2 Rec8 21.Bg5 Kf8 22.Bxf6 Bxf6
23.Nd5 Bxb2 24.c3 Bxa3 25.Nb6 Rxc3 26.Nxc8 Rxc8 27.Ra2 Rc3 28.Kf1 a5 29.Rd5 Bc5
30.Rxa5 Rc1+ 31.Ke2 Rc2+ 32.Ke1 Bb4+ 33.Kd1 Rxf2 34.Raxb5 Bc3 35.Rd3 Be5
36.Rd2 Rf4 37.Re2 Kg7 38.Kd2 Rf1 39.Rb3 Bf4+ 40.Kc2 Rc1+ 41.Kd3 Rd1+ 42.Kc2 Rd4
43.Rd3 Ra4 44.Kb3 Ra1 45.Rf3 Be5 46.Ref2 f6 47.Rf1 Ra7 48.R1f2 h5 49.g4 hxg4
50.hxg4 Ra1 51.Rf1 Ra8 52.R1f2 Rh8 53.Kc4 Rh4 54.Rg2 Kf7 55.Kd3 g5 56.Ke2 Ke6
57.Rf5 Bf4 58.Rd5 Rh3 59.Rd3 Rh1 60.Kf3 Kd7 61.Ke2 Ke6 62.Kf3 Kf7 63.Ke2 Kg6
64.Rd1 Rh8 65.Rd3 Kf7 66.Kf3 Ke6 67.Rf2 Rh3+ 68.Ke2 Rh1 69.Kf3 Rg1 70.Rg2 Rh1
71.Rf2 Rg1 72.Rg2 Rh1 73.Rf2 Kf7 74.Rg2 Kg6 75.Ke2 e6 76.Rd1 Rh8 77.Rf2 Rh4
78.Rg2 f5 79.exf5+ exf5 80.gxf5+ Kxf5 81.Rd5+ Be5 82.Rd3 g4 83.Ra3 Rh8 84.Ra4 g3
85.Kf3 Rb8 86.Ra3 Rf8 87.Rd3 Kg5+ 88.Ke4 Kg4 89.Rdd2 Kh3 90.Rc2 Rf1 91.Rge2 Rf4+
92.Ke3 Kg4 93.Kd3 Rd4+ 94.Ke3 Rf4 95.Kd3 Rd4+ 96.Ke3 Ra4 97.Kd3 Kf4 98.Kd2 Bd4
99.Kd3 Bc5 100.Re8 Kf3 101.Rf8+ Rf4 102.Rh8 Bf2 103.Rc7 Rd4+ 104.Kc3 Kg2
105.Rg7 Rd1 106.Kc2 Rd5 107.Rg6 Rc5+ 108.Kd3 d5 109.Rh5 Ra5 110.Kc2 Ra2+
111.Kd3 d4 112.Rg7 Ra3+ 113.Kd2 Kf1 114.Rh8 g2 115.Rxg2 Be3+ 116.Kd1 Ra1+
117.Kc2 Ra2+ 118.Kd3 Rxg2 119.Rd8 Rd2+ 120.Ke4 Ke2 121.Rh8 d3 122.Rh2+ Bf2  0-1

[Event "JUG-chT"]
[Site "Vrnjacka Banja"]
[Date "1996.??.??"]
[Round "?"]
[White "Grujic, Lazar"]
[Black "Narandzic, Vlado"]
[Result "1/2-1/2"]
[WhiteElo "2340"]
[BlackElo "2380"]

1.e4 c5 2.Nf3 d6 3.Bb5+ Nd7 4.c4 Nf6 5.Nc3 e6 6.O-O Be7 7.d3 O-O 8.Ba4 a6
9.a3 Qc7 10.Rb1 Ne5 11.Ne1 Nc6 12.f4 Rd8 13.Nf3 d5 14.cxd5 exd5 15.e5 Ne8
16.Bb3 c4 17.Bc2 Bg4 18.dxc4 dxc4 19.Qe1 Bxf3 20.Rxf3 Nd4 21.Rf2 Nxc2 22.Rxc2 Rd3
23.Ne4 Rad8 24.Be3 Qc6 25.Nf2 Rb3 26.Qe2 b5 27.Rf1 Nc7 28.Kh1 Nd5 29.Bc1 Bc5
30.Ne4 Ne3 31.Nxc5 Qxc5 32.Bxe3 Qxe3 33.Qxe3 Rxe3 34.g3 Kf8 35.Kg2 Ke7 36.Rf3 Rdd3
37.Rxe3 Rxe3 38.Kf2 Rd3 39.Ke2 Ke6 40.Rc3 Rxc3 41.bxc3 Kd5 42.Kf3 h5 43.h3 a5
44.Ke3 g6 45.Kf3 b4 46.cxb4 axb4 47.axb4 c3 48.Ke2 Kc4 49.Kd1 Kxb4 50.g4 Kc5
51.gxh5 gxh5 52.f5 Kd5 53.e6 fxe6 54.fxe6 Kxe6 55.Kc2 Kf5 56.Kxc3 Kf4 57.Kd2  1/2-1/2

[Event "JUG-chT"]
[Site "Vrnjacka Banja"]
[Date "1996.??.??"]
[Round "?"]
[White "Kovacevic, Dragan"]
[Black "Dabic, Mladen"]
[Result "1-0"]
[WhiteElo "2360"]
[BlackElo "2315"]

1.e4 c5 2.Nf3 d6 3.Bb5+ Bd7 4.Bxd7+ Nxd7 5.O-O e6 6.d4 cxd4 7.Nxd4 Ngf6 8.Qe2 Be7
9.c4 O-O 10.Nc3 Rc8 11.Rd1 a6 12.Na4 Qa5 13.b3 Qe5 14.f3 d5 15.exd5 Qxe2
16.Nxe2 exd5 17.cxd5 b5 18.d6 Bd8 19.Nac3 Re8 20.Kf1 Rc6 21.Ba3 Ba5 22.Nd5 Nxd5
23.Rxd5 Rc2 24.Nd4 Rd2 25.Nf5 Rc2 26.Nd4 Rd2 27.Nc6 Rxd5 28.Ne7+ Kf8 29.Nxd5 Re5
30.Rc1 f5 31.Nc7 Bd2 32.Rc2 b4 33.Bb2 Bc3 34.Bxc3 bxc3 35.Rxc3 a5 36.a3 Kf7
37.b4 axb4 38.axb4 f4 39.g3 fxg3 40.hxg3 h5 41.Kf2 g5 42.Rc4 Rf5 43.Re4 Ne5
44.Kg2 Kg6 45.Rxe5 Rxe5 46.d7 Re2+ 47.Kf1 Rd2 48.Ne6  1-0

[Event "JUG-chT"]
[Site "Vrnjacka Banja"]
[Date "1996.??.??"]
[Round "?"]
[White "Krejic, Igor"]
[Black "Rajkovic, Ljubisa"]
[Result "1/2-1/2"]
[WhiteElo "2155"]
[BlackElo "2275"]

1.e4 c5 2.Nf3 d6 3.Bb5+ Bd7 4.a4 Nf6 5.Nc3 Nc6 6.O-O e6 7.Re1 Be7 8.d4 cxd4
9.Nxd4 Qc7 10.Nb3 O-O 11.Bf4 Rfd8 12.a5 a6 13.Bf1 Be8 14.Be3 Nd7 15.Na4 Nc5
16.Qe2 Nxa4 17.Rxa4 Rdc8 18.Bb6 Qb8 19.f4 Ne5 20.Rb4 Nd7 21.Bf2 d5 22.Rd4 dxe4
23.Rxe4 Nf6 24.Rd4 Bb5 25.Qd1 Bxf1 26.Kxf1 Qc7 27.c3 Rd8 28.Qe2 Rxd4 29.Nxd4 Bd6
30.g3 Qxa5 31.Nxe6 Re8 32.Qd3 Qh5 33.Kg2 fxe6 34.Qxd6 Kf7 35.Qc7+ Re7 36.Qe5 Qxe5
37.Rxe5 Rd7 38.Bd4 g6 39.Re2 Nd5 40.Kf3 Ne7 41.g4 Nc6 42.Be3 Rd1 43.Rd2 Rxd2
44.Bxd2 e5 45.Ke4 exf4  1/2-1/2

[Event "JUG-chT"]
[Site "Vrnjacka Banja"]
[Date "1996.??.??"]
[Round "?"]
[White "Nevednichy, Vladislav"]
[Black "Todorovic, Goran M"]
[Result "0-1"]
[WhiteElo "2505"]
[BlackElo "2470"]

1.e4 c5 2.Nf3 d6 3.Bb5+ Bd7 4.a4 Nf6 5.d3 g6 6.O-O Bg7 7.e5 dxe5 8.Nxe5 a6
9.Bxd7+ Nbxd7 10.Nxd7 Qxd7 11.Nd2 O-O 12.Nc4 Rad8 13.a5 Nd5 14.Re1 Qc7 15.Bd2 e5
16.Qf3 f5 17.Re2 Nb4 18.Bc3 Nc6 19.Rae1 Rfe8 20.h4 Nd4 21.Bxd4 Rxd4 22.b3 Bf6
23.h5 Kg7 24.g3 Re6 25.Qh1 Qe7 26.h6+ Kg8 27.Qf3 e4 28.dxe4 fxe4 29.Qg4 Bg5
30.Qh3  0-1

[Event "Wattens op"]
[Site "Wattens"]
[Date "1996.??.??"]
[Round "1"]
[White "Berezjuk, Sergej"]
[Black "Erhard, Jakob"]
[Result "1-0"]
[WhiteElo "2450"]
[BlackElo "1780"]

1.e4 c5 2.Nf3 d6 3.Bb5+ Bd7 4.Bxd7+ Qxd7 5.c4 Nc6 6.Nc3 Nf6 7.O-O g6 8.d4 cxd4
9.Nxd4 Bg7 10.Nde2 O-O 11.f3 Rac8 12.Be3 Ne5 13.b3 b6 14.a4 Nc6 15.Qd2 h5
16.Bh6 Kh7 17.Bxg7 Kxg7 18.Nd5 Nxd5 19.exd5 Na5 20.Nd4 e5 21.dxe6 fxe6 22.f4 e5
23.fxe5  1-0

[Event "Hoogovens"]
[Site "Wijk aan Zee"]
[Date "1996.??.??"]
[Round "13"]
[White "Shirov, Alexei"]
[Black "Leko, Peter"]
[Result "1/2-1/2"]
[WhiteElo "2690"]
[BlackElo "2625"]

1.e4 c5 2.Nf3 d6 3.Bb5+ Bd7 4.Bxd7+ Qxd7 5.c4 Nc6 6.Nc3 Nf6 7.d4 cxd4 8.Nxd4 Qg4
9.O-O Qxd1 10.Rxd1 Nxd4 11.Rxd4 Rc8 12.b3  1/2-1/2

[Event "Witley"]
[Site "Witley"]
[Date "1996.??.??"]
[Round "5"]
[White "Ansell, Simon"]
[Black "Stisis, Yaacov"]
[Result "0-1"]
[WhiteElo "2420"]
[BlackElo "2365"]

1.e4 c5 2.Nf3 d6 3.Bb5+ Nc6 4.O-O Bd7 5.Re1 a6 6.Bf1 g6 7.c3 Bg4 8.h3 Bxf3
9.Qxf3 Bg7 10.d3 e5 11.Na3 Nge7 12.Be3 O-O 13.Qe2 b6 14.Nc2 f5 15.Rad1 f4
16.Bc1 g5 17.b4 cxb4 18.Nxb4 Nxb4 19.cxb4 Nc6 20.Bb2 b5 21.Qc2 Nd4 22.Bxd4 exd4
23.Be2 Rc8 24.Qb3+ Kh8 25.Qd5 Rc3 26.Bg4 Be5 27.Qb7 Qb8 28.Qe7 Bf6 29.Qe6 Kg7
30.e5 Bxe5 31.Qe7+ Kh6 32.h4 gxh4 33.Qxh4+ Kg6 34.Rc1 Qc7 35.Rcd1 Qd8 36.Qxd8 Rxd8
37.Re2 Rf8 38.Bf3 Rf7 39.Rb2 Rfc7 40.Rb3 Kf6 41.Bd5 Kg5 42.Bf3 h6 43.Bd5 h5
44.Rbb1 h4 45.Kf1 Rc2 46.Bb3 R2c3 47.Bd5 Rh7 48.Rb2 h3 49.gxh3 Rxh3 50.Ke2 Rc7
51.Rg1+ Kf6 52.Rd1 Re7 53.Rf1 f3+ 54.Kd1 Rc7 55.Rc2 Rc3 56.Rxc3 dxc3 57.Bb7 Rh4
58.a3 a5 59.bxa5 Ra4 60.Kc2 Rxa3 61.Bd5 Rxa5 62.Rb1 b4 63.Bb3 Bd4  0-1